Länder Europas nach BIP pro Kopf - Statistiken

Allgemein
  • Dieses Quiz wurde 60 mal gespielt
  • Das Durchschnittsergebnis liegt bei 18 aus 51
Antwortstatistiken
BIP pro Kopf in 💲 Land % Korrekt
256.580 Monaco
98%
186.400 Liechtenstein
80%
128.678 Luxemburg
73%
103.887 Irland
64%
99.564 Schweiz
64%
87.925 Norwegen
61%
68.453 Dänemark
50%
54.343 Deutschland
50%
79.636 Island
50%
55.516 Schweden
48%
64.572 Niederlande
45%
54.700 Belgien
41%
52.925 Finnland
41%
44.690 Frankreich
41%
56.033 Österreich
41%
49.463 Vereinigtes Königreich
41%
33.509 Spanien
39%
54.264 San Marino
36%
39.003 Italien
34%
27.331 Portugal
34%
46.812 Andorra
32%
13.105 Türkei
32%
36.551 Zypern
32%
40.395 Malta
30%
31.591 Tschechien
30%
30.133 Estland
27%
23.400 Griechenland
27%
52.642 Israel
27%
5.943 Kosovo
27%
27.786 Litauen
27%
6.729 Moldawien
27%
18.404 Rumänien
27%
24.491 Slowakei
27%
32.610 Slowenien
27%
7.125 Aserbaidschan
25%
15.885 Bulgarien
25%
22.502 Lettland
25%
5.069 Ukraine
25%
8.053 Armenien
23%
8.283 Georgien
23%
12.281 Serbien
23%
21.865 Kroatien
20%
22.056 Polen
20%
22.141 Ungarn
20%
8.575 Albanien
18%
8.638 Bosnien und Herzegowina
18%
12.221 Montenegro
18%
8.624 Nordmazedonien
18%
7.829 Belarus
16%
13.817 Russland
14%
21.198 Vatikanstadt
14%
Keine übereinstimmenden Quizze gefunden
Verteilung der Resultate
Anzahl Personen mit jedem Resultat
Perzentil nach korrekt beantworteten Fragen
Ihre Resultats-Entwicklung
Sie haben dieses Quiz noch nicht gespielt